[Event "Budapest FS09 FM-B"]
[Site "Budapest"]
[Date "2015.09.13"]
[Round "8"]
[White "Gruz, Janos"]
[Black "Prohaszkane, Viola Zsuzsa"]
[Result "0-1"]
[WhiteElo "1714"]
[BlackElo "1739"]
[PlyCount "46"]
[EventDate "2015.09.05"]
[EventType "tourn"]
[EventRounds "9"]
[EventCountry "HUN"]
[SourceTitle "EXT 2016"]
[Source "ChessBase"]
[SourceDate "2015.10.08"]
[SourceVersion "1"]
[SourceVersionDate "2015.10.08"]
[SourceQuality "1"]

1. d4 d5 2. Nf3 Nf6 3. Bf4 c5 4. c3 Qb6 5. Qb3 c4 6. Qxb6 axb6 7. Na3 Na6 8. e3 Nh5 9. Nc2 Bf5 10. Kd2 Nxf4 11. exf4 e6 12. Be2 h6 13. a3 Be4 14. Rhe1 Bd6 15. g3 b5 16. Ne5 g5 17. f3 Bxc2 18. Kxc2 gxf4 19. gxf4 Ke7 20. Rg1 Rhg8 21. Kd2 f6 22. Ng4 Bxf4+ 23. Kc2 h5 0-1

[Event "Budapest FS09 FM-B"]
[Site "Budapest"]
[Date "2015.09.12"]
[Round "7"]
[White "Prohaszkane, Viola Zsuzsa"]
[Black "Steer, Jozsef"]
[Result "1-0"]
[WhiteElo "1739"]
[BlackElo "1786"]
[PlyCount "119"]
[EventDate "2015.09.05"]
[EventType "tourn"]
[EventRounds "9"]
[EventCountry "HUN"]
[SourceTitle "EXT 2016"]
[Source "ChessBase"]
[SourceDate "2015.10.08"]
[SourceVersion "1"]
[SourceVersionDate "2015.10.08"]
[SourceQuality "1"]

1. d4 d5 2. c4 c6 3. Nc3 Nf6 4. Nf3 dxc4 5. a4 Bf5 6. Nh4 Bg6 7. Nxg6 hxg6 8. e4 e5 9. Be3 Bb4 10. Bxc4 Qa5 11. Qb3 0-0 12. 0-0 Nbd7 13. f3 exd4 14. Bxd4 Bc5 15. Rfd1 Nb6 16. Kh1 Bxd4 17. Rxd4 Nxc4 18. Qxc4 Rad8 19. Rad1 Qb6 20. b4 Rxd4 21. Qxd4 Qxd4 22. Rxd4 Rc8 23. Kg1 Kf8 24. Kf2 Ke7 25. Ke3 a6 26. e5 Nd7 27. f4 g5 28. g3 gxf4+ 29. gxf4 Rh8 30. Rd2 Rh3+ 31. Kd4 Rf3 32. Ne2 Ra3 33. Nc3 Nb6 34. a5 Nd7 35. Ra2 Rxa2 36. Nxa2 Ke6 37. Nc1 Kf5 38. Nd3 f6 39. Nc5 fxe5+ 40. fxe5 Nxe5 41. Nxb7 Nf3+ 42. Ke3 Nxh2 43. Nc5 Ke5 44. Nxa6 Kd6 45. Nc5 Kc7 46. Ne6+ Kb7 47. Nxg7 Ka6 48. Ne6 Ng4+ 49. Kd4 Nf6 50. Kc5 Kb7 51. Nd8+ Kc7 52. Nxc6 Ne4+ 53. Kd4 Nd6 54. Kd5 Nb5 55. Kc5 Nc3 56. b5 Ne4+ 57. Kb4 Kb7 58. a6+ Kb6 59. Ne5 Nd6 60. Nc4+ 1-0

[Event "Budapest FS09 FM-B"]
[Site "Budapest"]
[Date "2015.09.06"]
[Round "2"]
[White "Schmidt, Wolfgang"]
[Black "Prohaszkane, Viola Zsuzsa"]
[Result "1/2-1/2"]
[WhiteElo "1435"]
[BlackElo "1739"]
[PlyCount "88"]
[EventDate "2015.09.05"]
[EventType "tourn"]
[EventRounds "9"]
[EventCountry "HUN"]
[SourceTitle "EXT 2016"]
[Source "ChessBase"]
[SourceDate "2015.10.08"]
[SourceVersion "1"]
[SourceVersionDate "2015.10.08"]
[SourceQuality "1"]

1. d4 c6 2. c4 d5 3. cxd5 cxd5 4. Nf3 Nc6 5. Nc3 Nf6 6. a3 g6 7. e3 Bg7 8. Bd3 0-0 9. 0-0 Re8 10. Bd2 e5 11. dxe5 Nxe5 12. Bb5 Nxf3+ 13. Qxf3 Bg4 14. Qf4 Bd7 15. Rfd1 Bxb5 16. Nxb5 Ne4 17. Bc3 Nxc3 18. Nxc3 Bxc3 19. bxc3 Rc8 20. Qb4 Re7 21. c4 a5 22. Qb5 Re5 23. Rxd5 Rxd5 24. cxd5 Qf6 25. Rd1 Rc2 26. Rf1 b6 27. h3 Rd2 28. Qc4 Qd6 29. e4 Qxa3 30. e5 Qd3 31. Qc8+ Kg7 32. d6 Qd5 33. Qc3 Qd4 34. Qxd4 Rxd4 35. g3 f6 36. f4 Kf7 37. Kf2 Ke6 38. Re1 fxe5 39. fxe5 b5 40. Re3 a4 41. Ke2 b4 42. Rd3 Rxd3 43. Kxd3 a3 44. Kc2 a2 1/2-1/2

[Event "HUN-chT2 0102"]
[Site "Hungary"]
[Date "2001.11.18"]
[Round "3"]
[White "Prohaszkane, Viola Zsuzsa"]
[Black "Mihok, Oliver"]
[Result "1-0"]
[WhiteElo "1606"]
[BlackElo "1662"]
[PlyCount "107"]
[EventDate "2001.??.??"]
[EventType "team"]
[EventRounds "11"]
[EventCountry "HUN"]
[SourceTitle "EXT 2004"]
[Source "ChessBase"]
[SourceDate "2003.11.25"]
[SourceVersion "1"]
[SourceVersionDate "2003.11.25"]
[SourceQuality "1"]

1. e4 c5 2. f4 d5 3. exd5 Qxd5 4. Nc3 Qd8 5. Bc4 Nf6 6. Nf3 a6 7. a4 e6 8. d3 Bd6 9. Qe2 0-0 10. 0-0 b6 11. Ng5 h6 12. Nge4 Nxe4 13. Nxe4 Be7 14. Be3 Nd7 15. f5 exf5 16. Ng3 Bf6 17. Bd5 Ra7 18. Nxf5 Ne5 19. Be4 Bb7 20. Bxb7 Rxb7 21. Rf2 Re8 22. Raf1 Re6 23. Qh5 Bg5 24. Bxg5 Qxg5 25. Qxg5 hxg5 26. d4 cxd4 27. Nxd4 Rd6 28. Nf3 Nxf3+ 29. Rxf3 Re7 30. R3f2 f6 31. c4 Kf7 32. b4 Rc6 33. Rc2 Re5 34. c5 bxc5 35. Rfc1 Rb6 36. bxc5 Rc6 37. Kf2 Ke6 38. Kf3 f5 39. h3 g6 40. a5 Rd5 41. Rb1 Rd7 42. Rb6 Rdc7 43. Rd2 Ke5 44. Rd6 Rxc5 45. Re6+ Kd5 46. Rbd6+ Kc4 47. Rxa6 f4 48. Rxg6 Rf5 49. Rgc6+ Rxc6 50. Rxc6+ Kb5 51. Kg4 Re5 52. Rg6 Kxa5 53. Rxg5 Rxg5+ 54. Kxg5 1-0

[Event "HUN-chT2 0102"]
[Site "Hungary"]
[Date "2001.09.30"]
[Round "1"]
[White "Szekeres, Robert"]
[Black "Prohaszkane, Viola Zsuzsa"]
[Result "1-0"]
[WhiteElo "2174"]
[BlackElo "1606"]
[PlyCount "49"]
[EventDate "2001.??.??"]
[EventType "team"]
[EventRounds "11"]
[EventCountry "HUN"]
[SourceTitle "EXT 2004"]
[Source "ChessBase"]
[SourceDate "2003.11.25"]
[SourceVersion "1"]
[SourceVersionDate "2003.11.25"]
[SourceQuality "1"]

1. d4 Nf6 2. c4 g6 3. Nc3 d5 4. Bf4 Bg7 5. Nf3 0-0 6. Rc1 c6 7. e3 Bg4 8. h3 Bxf3 9. Qxf3 Qa5 10. Bd3 dxc4 11. Bxc4 Nbd7 12. 0-0 Nb6 13. Bb3 Rac8 14. e4 e6 15. Rfd1 Rfd8 16. Ne2 c5 17. Bd2 Qb5 18. dxc5 Rxc5 19. Nc3 Qe8 20. Be3 Rc7 21. Qe2 Rxd1+ 22. Rxd1 Nfd7 23. Nb5 Na8 24. Nxc7 Nxc7 25. Ba4 1-0

[Event "Budapest FS10 FM"]
[Site "Budapest"]
[Date "2001.??.??"]
[Round "4"]
[White "Prohaszkane, Viola Zsuzsa"]
[Black "Koneru, Humpy"]
[Result "1/2-1/2"]
[WhiteElo "2000"]
[BlackElo "2195"]
[PlyCount "87"]
[EventDate "2001.??.??"]
[EventType "tourn"]
[EventRounds "11"]
[EventCountry "HUN"]
[SourceTitle "EXT 2003"]
[Source "ChessBase"]
[SourceDate "2002.11.25"]
[SourceVersion "1"]
[SourceVersionDate "2002.11.25"]
[SourceQuality "1"]

1. e4 c6 2. d4 d5 3. exd5 cxd5 4. c4 Nf6 5. Nc3 e6 6. Bg5 Be7 7. Nf3 Nc6 8. a3 dxc4 9. Bxc4 a6 10. 0-0 0-0 11. a4 Nb4 12. Qb3 Nc6 13. Qd1 b6 14. Re1 Na5 15. Ba2 Bb7 16. Ne5 Kh8 17. Rb1 Rc8 18. Nxf7+ Rxf7 19. Bxe6 Rf8 20. Bxc8 Bxc8 21. Bf4 Bb7 22. b4 Nd5 23. Nxd5 Qxd5 24. f3 Bh4 25. bxa5 Bxe1 26. Qxe1 Rxf4 27. Qe8+ Qg8 28. Qe5 Rf6 29. axb6 h6 30. d5 Qd8 31. a5 Rd6 32. Rd1 Rxd5 33. Rxd5 Qxd5 34. Qe1 Qc5+ 35. Kh1 Kh7 36. h3 Qd5 37. Qc3 Kg6 38. Qc7 Kf6 39. Qc3+ Qe5 40. Qd2 Ke7 41. Qb4+ Kd7 42. Qa4+ Kd6 43. Qb4+ Kd5 44. Qg4 1/2-1/2

[Event "Budapest FS10 FM"]
[Site "Budapest"]
[Date "2001.??.??"]
[Round "8"]
[White "Prohaszkane, Viola Zsuzsa"]
[Black "Prohaszka, Peter"]
[Result "0-1"]
[WhiteElo "2000"]
[BlackElo "2000"]
[PlyCount "96"]
[EventDate "2001.??.??"]
[EventType "tourn"]
[EventRounds "11"]
[EventCountry "HUN"]
[SourceTitle "EXT 2003"]
[Source "ChessBase"]
[SourceDate "2002.11.25"]
[SourceVersion "1"]
[SourceVersionDate "2002.11.25"]
[SourceQuality "1"]

1. d3 d5 2. g3 Nf6 3. Bg2 c5 4. Nd2 Nc6 5. c4 Be6 6. Ngf3 dxc4 7. dxc4 Bg4 8. Qa4 Bxf3 9. Bxf3 Qb6 10. Bxc6+ Qxc6 11. Qxc6+ bxc6 12. Nb3 e6 13. Be3 Rb8 14. Rb1 Nd7 15. Kd2 Be7 16. Rhd1 Rb4 17. Na5 Ne5 18. b3 Rb6 19. Bf4 Bf6 20. a3 0-0 21. Kc2 g5 22. Be3 Be7 23. f4 Ng4 24. Bg1 gxf4 25. gxf4 Nf6 26. Be3 Rfb8 27. f5 Kf8 28. Bf4 Rc8 29. fxe6 fxe6 30. Bg5 Ng4 31. Bxe7+ Kxe7 32. Rg1 Ne3+ 33. Kd3 Nf5 34. e4 Rd8+ 35. Ke2 Nd4+ 36. Ke3 Nc2+ 37. Kf4 Rf8+ 38. Ke5 Rf7 39. b4 Nd4 40. Rbf1 Nf3+ 41. Rxf3 Rxf3 42. Rg7+ Rf7 43. Rxf7+ Kxf7 44. bxc5 Ra6 45. Nb7 Ke7 46. Nd6 Rxa3 47. Kd4 Ra1 48. Ke5 Rh1 0-1

[Event "Budapest FS10 FM"]
[Site "Budapest"]
[Date "2001.??.??"]
[Round "2"]
[White "Prohaszkane, Viola Zsuzsa"]
[Black "Szentmihalyi, Tamas"]
[Result "0-1"]
[WhiteElo "2000"]
[BlackElo "2000"]
[PlyCount "30"]
[EventDate "2001.??.??"]
[EventType "tourn"]
[EventRounds "11"]
[EventCountry "HUN"]
[SourceTitle "EXT 2003"]
[Source "ChessBase"]
[SourceDate "2002.11.25"]
[SourceVersion "1"]
[SourceVersionDate "2002.11.25"]
[SourceQuality "1"]

1. e4 d6 2. f4 Nf6 3. Nc3 g6 4. Bc4 Bg7 5. Nf3 0-0 6. 0-0 Nxe4 7. Nxe4 d5 8. Bxd5 Qxd5 9. Qe1 Nc6 10. Rb1 Bf5 11. Nc3 Qc5+ 12. Kh1 Bxc2 13. Ra1 a6 14. Ne2 Bd3 15. Rf2 Nb4 0-1